Paroles "Ma meilleure ennemie" (Arcane) - Stromae, Pomme - Statistiques

Statistiques générales
  • Ce quiz a été pris 2 730 fois
    1 867 depuis la dernière actualisation
  • Le résultat moyen est 252 sur 295
Statistiques - réponses
Paroles % Correct
me
100%
ma
98%
Ce
97%
ce
97%
meilleure
97%
en
96%
le
96%
Le
96%
te
95%
toi
95%
c'est
94%
C'est
94%
ennemie
94%
et
94%
pire
94%
te
94%
la
93%
La
93%
93%
moi
93%
Je
92%
je
92%
Mais
92%
ne
91%
qui
90%
t'ai
90%
arrivé
89%
(arrivé)
89%
chose
89%
T'es
89%
chose
88%
De
88%
88%
Ou
88%
t'aime
88%
Tu
88%
tu
88%
aussi
87%
Fuis
86%
hais
86%
plus
86%
Que
86%
il
85%
mal
85%
m'est
85%
des
83%
se
83%
soit
83%
arrivée
82%
dit
82%
jour
82%
jamais
81%
Encore
79%
encore
79%
malédictions
79%
belle
78%
bénédictions
78%
sais
78%
j'aurais
77%
les
77%
rencontrée
77%
préféré
76%
adversaires
75%
être
75%
seul
75%
accompagné
74%
amis
74%
mieux
74%
vaut
74%
comme
73%
dicton
73%
près
73%
c'qu'on
68%
m'éloigner
68%
peut-être
68%
Sois
68%
ton
68%
d'tes
67%
Plutôt
67%
Quand
67%
chers
66%
prénom
66%
qu'être
66%
Oublie
65%
Pourquoi
65%
voix
65%
pas
64%
blesse
62%
si
62%
cherches
60%
j'devrais
60%
j'entends
58%
haine
56%
arrière
55%
dans
54%
émotion
53%
regarde
53%
douceur
50%
guerre
50%
quelle
50%
cache
49%
fait
48%
juste
48%
l'espace?
47%
passé
47%
t'avais
46%
suit
45%
d'la
17%
Aucun quiz correspondant
Distribution des résultats
% des personnes avec chaque résultat
Percentile par nombre de réponses
Votre historique - résultats
Vous n’avez pas pris ce quiz depuis la dernière actualisation